Highest Grossing Film: No Oscar Quiz Stats

Quiz Updated Jan 23, 2018

Challenge
Share
Tweet
Embed
Score 0/28 Timer 10:00
0 Plays Today
Year Film % Correct
2017Wonder Woman
88.4%
2012The Dark Knight Rises
85.1%
2013The Hunger Games: Catching Fire
83.6%
2009The Twilight Saga: New Moon
79.1%
2016Finding Dory
76.8%
2014The Hunger Games: Mockingjay- Part 1
76.4%
2011The Twilight Saga: Breaking Dawn – Part 1
76.2%
2007Spider-Man 3
76%
2015Jurassic World
70%
1992Home Alone 2: Lost in New York
67%
2002Harry Potter and the Chamber of Secrets
66.4%
1996Mission: Impossible
65.9%
2010The Twilight Saga: Eclipse
65.7%
2003The Matrix Reloaded
65.2%
Year Film % Correct
2000Mission: Impossible II
54.4%
2008Indiana Jones and the Kingdom of the Crystal Skull
53.1%
2001Rush Hour 2
50.4%
2004Meet the Fockers
49.9%
1994The Santa Clause
46.6%
1998There's Something About Mary
45.5%
2005Wedding Crashers
44.3%
2006Night at the Museum
42.8%
1997Liar Liar
39.2%
1995Ace Ventura: When Nature Calls
36.8%
1999Big Daddy
34.9%
1993Indecent Proposal
9.5%
1991Sleeping with the Enemy
8.3%
1990Teenage Mutant Ninja Turtles
4.8%

You're not logged in!

Compare scores with friends on all Sporcle quizzes.
Join for Free
OR
Log In

You Might Also Like...

Show Comments

Extras

Top Quizzes Today


Score Distribution

Your Account Isn't Verified!

In order to create a playlist on Sporcle, you need to verify the email address you used during registration. Go to your Sporcle Settings to finish the process.

Report this User

Report this user for behavior that violates our Community Guidelines.

Details: